Wszystkie Jednostki Heroes of Might and Magic V - Statystyki

Ogólne statystyki
  • Ten quiz został rozwiązany 1 548 razy
    1 528 od ostatniego zresetowania
  • Średni wynik to 42 z 65
Statystyki odpowiedzi
Miasto Jednostka % Poprawnych
Przystań 7 Anioł
98%
Przystań 1 Chłop
98%
Przystań 2 Łucznik
96%
Przystań 4 Gryf
95%
Inferno 7 Diabeł
93%
Nekropolis 1 Szkielet
93%
Inferno 1 Imp
91%
Przystań 5 Kapłan
90%
Nekropolis 4 Wampir
89%
Nekropolis 5 Lisz
88%
Inferno 6 Czart
87%
Nekropolis 3 Duch
87%
Przystań 6 Kawalerzysta
87%
Nekropolis 7 Kościany Smok
86%
Przystań 3 Zbrojny
85%
Akademia 4 Mag
84%
Sylwan 6 Drzewiec
83%
Sylwan 5 Jednorożec
83%
Sylwan 4 Druid
80%
Akademia 1 Gremlin
80%
Sylwan 7 Zielony Smok
80%
Loch 3 Minotaur
79%
Sylwan 1 Nimfa
79%
Akademia 5 Dżin
77%
Nekropolis 2 Ożywieniec
77%
Twierdza 1 Goblin
74%
Inferno 4 Sukkubus
74%
Loch 5 Hydra
73%
Inferno 2 Rogaty Demon
73%
Sylwan 2 Tancerz Ostrzy
73%
Twierdza 7 Cyklop
72%
Inferno 3 Piekielny Ogar
72%
Twierdza 2 Centaur
68%
Akademia 7 Kolos
67%
Nekropolis 6 Upiór
65%
Akademia 2 Kamienny Gargulec
63%
Loch 2 Krwawa Dziewica
62%
Twierdza 6 Wiwerna
60%
Sylwan 3 Myśliwy
59%
Neutralne Żywiołak Wody
58%
Neutralne Żywiołak Ognia
57%
Loch 7 Smok Cienia
55%
Twierdza 4 Szamanka
55%
Inferno 5 Piekielny Rumak
54%
Akademia 3 Żelazny Golem
52%
Loch 1 Zwiadowca
52%
Neutralne Żywiołak Powietrza
51%
Akademia 6 Rakszasa Rani
49%
Twierdza 3 Wojownik
49%
Neutralne Feniks
48%
Twierdza 5 Siepacz
48%
Neutralne Wilk
47%
Forteca 1 Obrońca
46%
Forteca 7 Ognisty Smok
46%
Neutralne Mumia
39%
Forteca 2 Włócznik
39%
Loch 4 Mroczny Jeździec
36%
Neutralne Żywiołak Ziemii
36%
Forteca 4 Awanturnik
35%
Loch 6 Wiedźma Cienia
33%
Forteca 5 Kapłan Runów
30%
Neutralne Rycerz Śmierci
30%
Neutralne Mantykora
27%
Forteca 3 Jeździec Niedźwiedzi
26%
Forteca 6 Władca Piorunów
26%
Nie znaleziono quizów pasujących do podanych kryteriów
Rozkład punktacji
Procent ludzi z każdym wynikiem
Percentyl według liczby udzielonych odpowiedzi
Twoja historia wyników
Nie rozwiązałeś tego quizu od ostatniego zresetowania